000 00751nam a2200265Ia 4500
003 OSt
005 20221006151859.0
006 a|||||r|||| 00| 0
007 ta
008 221006b |||||||| |||| 00| 0 jpn d
020 _c¥2800
024 _a23,787
037 _bGift, Japan Foundation
_cTextual
040 _aEASL
_cEASL
_bjpn
041 _2jpn
_ajpn
082 _aX6529.42.N8, M8
100 _aFUKUSHIMA Hisakazu etc. Ed.
_9660206
245 0 _aNihon shihonshugi no kagai shutsu
260 _aTokyo
_bAoki Shoten Japan
_c1988
300 _a258p.
_ccm.
490 _v JL
650 _aJL
942 _hX6529.42.N8, M8
_cTEXL
_2CC
999 _c1091873
_d1091873